|
|
|
|
| LEADER |
00000cam a2200000 7i4500 |
| 001 |
0000004833 |
| 005 |
20151222.0 |
| 008 |
070731 |
| 020 |
|
|
|a 9833351069(set)
|
| 020 |
|
|
|a 9833351077
|
| 090 |
0 |
0 |
|a JF
|b MOR MAL (5386)
|
| 100 |
0 |
|
|a Shafie bin Abdul Rahman
|
| 245 |
1 |
0 |
|a Nasib si tunggal dan si tanggal
|c Shafie bin Abdul Rahman
|
| 260 |
|
|
|a Selangor :
|b Percetakan Sermaju Sdn.Bhd ,
|c 2006
|
| 440 |
|
|
|a Siri bacaan teladan sivik
|
| 500 |
|
|
|a Children ages 7-9 years old (orange)
|
| 650 |
|
0 |
|a Junior fiction
|x Malay
|x Languages
|
| 650 |
|
0 |
|a Moral
|x Fiction
|
| 999 |
|
|
|a 0000906792
|b Book
|c Teenagers
|e Cawangan Bandar Tenggara
|
| 999 |
|
|
|a 0000976330
|b Book
|c Children Collection
|e Perbadanan Perpustakaan Awam Johor
|
| 999 |
|
|
|a 0000976331
|b Book
|c Children Collection
|e Cawangan Sri Merlong
|
| 999 |
|
|
|a 0000976332
|b Book
|c Children Collection
|e Perbadanan Perpustakaan Awam Johor
|
| 999 |
|
|
|a 0000976334
|b Book
|c Children Collection
|e Perbadanan Perpustakaan Awam Johor
|
| 999 |
|
|
|a 0001084627
|b Book
|c Children Collection
|e Cawangan Kota Tinggi
|
| 999 |
|
|
|a 0001150156
|b Book
|c Children Collection
|e Cawangan Bandar Penawar
|
| 999 |
|
|
|a 0001150157
|b Book
|c Children Collection
|e Cawangan Bukit Gambir
|
| 999 |
|
|
|a 0001150158
|b Book
|c Children Collection
|e Cawangan Tangkak
|